MARC

LEADER 00000nam0a2200000 4500
001 167778
005 20231031162906.0
010 |a 3540508910 
035 |a (RuTPU)RU\TPU\book\182026 
090 |a 167778 
100 |a 20091020d1989 km y0gery50 ca 
101 0 |a rus 
102 |a DE 
105 |a a z 001zy 
200 1 |a Wirkung hochenergetischer Strahlung auf Halbleiterbauelemente  |e Mit 164 abbidungen  |f D. Bräuning 
210 |a Berlin  |c Springer-Verlag  |d 1989 
215 |a 198 с.  |c il. 
320 |a Literatur: p. 185-191. 
320 |a Sachverzeichnis: p. 192-196. 
610 1 |a полупроводники 
610 1 |a полупроводниковые приборы 
610 1 |a радиация 
610 1 |a ионизирующее излучение 
610 1 |a воздействие 
610 1 |a микроэлектронные приборы 
610 1 |a немецкий язык 
675 |a 621.315.592  |v 3 
700 1 |a Bräuning  |b D.  |g Dietrich 
801 1 |a RU  |b 63413507  |c 20091020 
801 2 |a RU  |b 63413507  |c 20100302  |g RCR 
942 |c BK